Conciliación y empleabilidad : informe final informe final
Publicado:
[Barcelona] :
Universitat de Barcelona, Departament de Sociologia i Anàlisi de les Organitzacions ,
2004
Descripción Física:
124 p.; 30 cm
Otros Autores:
Domínguez Alcón, Carmen
MARC
| LEADER | 00000nam a2200000Ia 4500 | ||
|---|---|---|---|
| 001 | 24099 | ||
| 008 | 160829s2004 xx 000 0 cat d | ||
| 080 | |a Bib-155 | ||
| 245 | |a Conciliación y empleabilidad : |b informe final | ||
| 260 | |a [Barcelona] : |b Universitat de Barcelona, Departament de Sociologia i Anàlisi de les Organitzacions, |c 2004 | ||
| 300 | |a 124 p.; |c 30 cm | ||
| 590 | |a A portada : Diputació Barcelona. Xarxa de municipis ; Elionor. | ||
| 590 | |a Bibliografia | ||
| 650 | |a Treball i família |x Espanya |9 27708 | ||
| 650 | |a Treball i família |x Catalunya |9 44758 | ||
| 650 | |a Política familiar |x Espanya I |9 49553 | ||
| 650 | |a Política familiar |x Catalunya |9 49554 | ||
| 650 | |a Mercat de treball |x Espanya |9 43669 | ||
| 650 | 0 | |a Mercat de treball |z Catalunya |9 10924 | |
| 700 | |a Domínguez Alcón, Carmen |9 49556 | ||
| 710 | 2 | |a Elionor (Programa) |9 53919 | |
| 710 | 1 | |a Barcelona (Catalunya : Província). |b Diputació |9 52408 | |
| 901 | |a Arxiu | ||
| 942 | |n 1 | ||
| 952 | |0 0 |1 0 |4 0 |6 BIB155 |7 1 |9 55438 |a Arxiu |b Arxiu |d 2016-12-01 |l 0 |o Bib-155 |p 24099 |r 2016-12-01 00:00:00 |w 2016-12-01 |y ARXIU | ||
| 999 | |c 59311 |d 59311 | ||